Mark Kulikowski

Titel: Mark Kulikowski / James S. Pula
Verfasser:
In: Polish American studies, Band 75, Heft 2 (2018), Seite 6-7
alle Artikel anzeigen
Veröffentlicht: 2018
Umfang: 1 Illustration
Format: Aufsatz
Sprache: Englisch
Schlagworte:
Kein Bild verfügbar
X
alg: 50946533
001A    $03025:10-07-23 
001B    $01999:10-07-23 $t22:41:16.000 
001D    $03025:10-07-23 
001U    $0utf8 
001X    $00 
002@    $0Oou 
002C    $aText $btxt $2rdacontent 
002D    $aComputermedien $bc $2rdamedia 
002E    $aOnline-Ressource $bcr $2rdacarrier 
003@    $0509465331 
007A    $0509465331 $aHEB 
009Q    $uhttps://doi.org/10.5406/poliamerstud.75.2.0006 $xH 
009Q    $uhttps://www.jstor.org/stable/10.5406/poliamerstud.75.2.0006 $xH 
010@    $aeng 
010E    $erda 
011@    $a2018 
013D    $#Obituaries $#Nécrologies $#Gedächtnisschrift Nachruf $#Nekrolog $74128540-2 $8Nachruf [Ts1] $9085446491 
021A    $aMark Kulikowski $hJames S. Pula 
028A    $BVerfasser $#Pula, James S. $#Pula, James Stanley $4aut $7135888026 $8Pula, James S.$Z1946- [Tp1] $9202381331 
031A    $d75 $e2 $h6-7 $j2018 
034M    $a1 Illustration 
039B    $aEnthalten in $8--Obvc--. Polish American studies. - Champaign, Ill. : University of Illinois Press, 1944-. - Online-Ressource. - ISSN 2330-0833 $x201800000750002994 $9212438581 
044K    $8Kulikowski, Mark$Z1954-2018 [Tp1] $9509466931 
045T    $a7,41 

lok: 50946533 78

exp: 50946533 78 1 #EPN
201B/01 $010-07-23 $t13:31:23.000 
201C/01 $010-07-23 
201U/01 $0utf8 
203@/01 $01239742673 
208@/01 $a10-07-23 $be 
209A/01 $a/ $f000 $x00 
209A/01 $ab*p $x01 
220C/01 $apgar 
244Z/01 $#Generalgouvernement Polen $#Polska $#Rzeczpospolita Polska $#Polska Rzeczpospolita Ludowa $#Poland $#Pologne $#République Polonaise $#Generalne Gubernatorstwo w Polsce $#Polish People's Republic $#Polska Rzeczpospolita Polen $#PRL $#RP $#Polen Generalgouvernement $#Polska Generalgouvernement $#Besetzte Polnische Gebiete $#Besetztes Gebiet in Polen $#Okupowane Polskie Obszary $#Obszary Okupowane w Polsce $#Volksrepublik Polen $#Polska Rosyjska $#Republic Polen $#Respublika Pol'ša $#Pol'skaja Narodnaja Respublika $#République de Pologne $#Polen Links der Weichsel $#Polska po Lewej Stronie Wisły $#Lenkija $#Polija $#Gubernija Carstva Pol'skago $#Republik Polen $74046496-9 $8--Tg1--Polen $x01 $9085129801 
247C/01 $82080>Marburg/Lahn, Herder-Institut, Forschungsbibliothek, Bibliographieportal $9336309341
LEADER 00000caa a2200000 c 4500
001 509465331
003 DE-603
005 20230710224116.0
007 cr||||||||||||
008 230710s2018 xx |||| o| u00||u|eng c
035 |a (DE-599)HEB509465331 
040 |a DE-603  |b ger  |c DE-603  |d DE-603  |e rda 
041 |a eng 
084 |a 7,41  |2 ssgn 
100 1 |a Pula, James S.  |d 1946-  |e Verfasser  |4 aut  |0 (DE-603)202381331  |0 (DE-588)135888026  |2 gnd 
245 0 0 |a Mark Kulikowski  |c James S. Pula 
264 0 |c 2018 
300 |b 1 Illustration 
336 |a Text  |b txt  |2 rdacontent 
337 |a Computermedien  |b c  |2 rdamedia 
338 |a Online-Ressource  |b cr  |2 rdacarrier 
600 1 7 |a Kulikowski, Mark  |d 1954-2018  |0 (DE-588)1295569442  |0 (DE-603)509466931  |2 gnd 
655 7 |a Nachruf  |2 gnd-content  |0 (DE-588)4128540-2  |0 (DE-603)085446491 
773 0 8 |i Enthalten in  |t Polish American studies  |d Champaign, Ill. : University of Illinois Press, 1944-  |h Online-Ressource  |x 2330-0833  |g Band 75, Heft 2 (2018), Seite 6-7  |w (DE-603)212438581  |w (DE-600)2495069-5 
856 |u https://doi.org/10.5406/poliamerstud.75.2.0006  |x Verlag 
856 |u https://www.jstor.org/stable/10.5406/poliamerstud.75.2.0006  |x Verlag 
924 1 |9 2080  |a (DE-603)1239742673  |b DE-2080  |c HES  |d d  |g /